Countries in German & English: Asia - Statistics

General Stats
  • This quiz has been taken 10 times
  • The average score is 46 of 48
Answer Stats
German English % Correct
Afghanistan Afghanistan
100%
Armenien Armenia
100%
Bahrain Bahrain
100%
Bangladesch Bangladesh
100%
Bhutan Bhutan
100%
Brunei Brunei
100%
Kambodscha Cambodia
100%
China China
100%
Indien India
100%
Indonesien Indonesia
100%
Iran Iran
100%
Irak Iraq
100%
Japan Japan
100%
Jordanien Jordan
100%
Kuwait Kuwait
100%
Laos Laos
100%
Malaysia Malaysia
100%
Mongolei Mongolia
100%
Myanmar Myanmar
100%
Nepal Nepal
100%
Nordkorea North Korea
100%
Oman Oman
100%
Pakistan Pakistan
100%
Katar Qatar
100%
Singapur Singapore
100%
Südkorea South Korea
100%
Sri Lanka Sri Lanka
100%
Syrien Syria
100%
Taiwan Taiwan
100%
Thailand Thailand
100%
Türkei Turkey
100%
Vereinigte Arabische Emirate United Arab Emirates
100%
Usbekistan Uzbekistan
100%
Vietnam Vietnam
100%
Jemen Yemen
100%
Georgien Georgia
90%
Israel Israel
90%
Kasachstan Kazakhstan
90%
Libanon Lebanon
90%
Malediven Maldives
90%
Philippinen Philippines
90%
Saudi-Arabien Saudi Arabia
90%
Turkmenistan Turkmenistan
90%
Aserbaidschan Azerbaijan
80%
Osttimor East Timor
80%
Tadschikistan Tajikistan
80%
Kirgisistan Kyrgyzstan
70%
Zypern Cyprus
60%
No matching quizzes found
Score Distribution
Percent of People with Each Score
Percentile by Number Answered
Your Score History
You have not taken this quiz